Pokémon di tipo Veleno puro - Statistics

Statistiche generali
  • Questo quiz è stato fatto 10 volte
  • Il punteggio medio è 15 su 19
Statistiche sulle risposte
Numero Pokédex Nazionale Tipo Tipo Pokémon % Corretto
23 Veleno Veleno Ekans
100%
24 Veleno Veleno Arbok
90%
88 Veleno Veleno Grimer
90%
109 Veleno Veleno Koffing
90%
89 Veleno Veleno Muk
90%
569 Veleno Veleno Garbodor
80%
569 Veleno Veleno Garbodor Gigamax
80%
316 Veleno Veleno Gulpin
80%
336 Veleno Veleno Seviper
80%
317 Veleno Veleno Swalot
80%
568 Veleno Veleno Trubbish
80%
110 Veleno Veleno Weezing
80%
493 Veleno Veleno Arceus (Veleno)
70%
29 Veleno Veleno Nidoran♀
70%
32 Veleno Veleno Nidoran♂
70%
30 Veleno Veleno Nidorina
70%
33 Veleno Veleno Nidorino
70%
803 Veleno Veleno Poipole
40%
773 Veleno Veleno Silvally (Tipo Veleno)
40%
Nessun quiz corrispondente trovato
Distribuzione punteggi
Percentuale di utenti per punteggio
Percentile per numero di risposta
I tuoi punteggi nel tempo
Non hai fatto questo quiz